000 01075nam0a2200277 4500
001 RU\NLR\b_ik\99776
005 20250616225034.0
010 _a5-7107-6041-2
_97000
035 _a(NLR Aleph) 002173686
090 _a2688639
_c2688639
100 _a20030730d2003 |||y0rusy50 ca
101 0 _aeng
102 _aGB
_aRU
105 _aa |||||||||
200 1 _aMr Mulch`s magic mixtures
_e[Кн. для чтения]
_fRosemary Hayes
_gIll. by Ian Newsham
_gMethodological support by M. Biboletova a. N. Trubaneva
210 _aCambridge
_cCambridge univ. press
_aМ.
_cДрофа
_d2003
215 _a60, [1] с.
_cцв. ил.
_d22
225 1 _aCambridge reading
_eДля рос. шк.
_iIndependent reading
541 0 _aВолшебная микстура мистера Малча
_zrus
606 0 _aАнглийский язык
_jХрестоматии
_9972309
_3RU\NLR\AUTH\6646032
686 3 _aШ143.21-93рус2 хрест
700 1 _aHayes
_bR.
_gRosemary
_4070
801 0 _aRU
_bNLR
_c20030730
_gPSBO
942 _cBOOK
980 _aNB